00756cam a22002292 450000100060000000300080000600500170001400800390003102000150007003500190008504000270010404100080013108200180013910000350015724501630019226000370035530000290039250400200042165000430044170000210048470000210050531817BD-RjUL20211209051743.0140222s1969 enkcfh 001 0 eng a0048260037 a(BD-RjUL)31905 aDLCcDLCdBD-RjULbeng aeng00a192bRUD 19691 aRussell, Bertrand,d1872-1970.10aDear Bertrand Russell... :ba selection of his correspondence with the general public 1950-1968 /cintroduced and edited by Barry Feinberg and Ronald Kasrils. aLondon :bAllen & Unwin,cc1969. a196 p. :bill. ;c23 cm. aIncludes index. 0aPhilosopherszEnglandvCorrespondence.1 aFeinberg, Barry.1 aKasrils, Ronald.